000 00342nam a22001577a 4500
003 OSt
008 221020b |||||||| |||| 00| 0 eng d
041 _aeng
082 _a621.43
_bMAL/IN
100 _aMaleev
_95277
245 _aInternal combustion engines
250 _a2nd
260 _bMcgraw hill
_c1973
300 _a636
942 _cBK
999 _c17560
_d17560